=LDR 00000nam 2200000 4500 =001 INLIS000000000036855 =005 20130612142621 =008 ***********************************Ind** =035 ##$$0010-061300000036855 =041 ##$$a Ind =082 ##$$a 813 =090 ##$$a 813, Kin p =100 ##$$a Kinasih, Putri Rindu =245 ##$$a Putri's diary, virus dremunus nekatisimus, Putri Rindu Kinasih =260 ##$$a 2011 $b Jakarta =300 ##$$a 143 hlm, ilus, 21 cm =650 ##$$a Fiksi remaja =850 ##$$a NBPNMAT